Ley Sindical : Ley de la Jefatura del Estado 2/1971 de 17 de febrero, aprobada por las Cortes españolas y publicada en el 'Boletín Oficial del Estado' de 19 de febrero de 1971 Ley de la Jefatura del Estado 2/1971 de 17 de febrero, aprobada por las Cortes españolas y publicada en el 'Boletín Oficial del Estado' de 19 de febrero de 1971
ISBN:
84-349-0147-1
Descripción Física:
48 p. ; 15 cm
MARC
| LEADER | 00000nam a2200000Ia 4500 | ||
|---|---|---|---|
| 001 | 14727 | ||
| 008 | 160829s9999 xx 000 0 cat d | ||
| 020 | |a 84-349-0147-1 | ||
| 080 | |a FU-2-69 | ||
| 100 | |a Espanya. Ley Sindical (1971) |9 31661 | ||
| 245 | |a Ley Sindical : |b Ley de la Jefatura del Estado 2/1971 de 17 de febrero, aprobada por las Cortes españolas y publicada en el 'Boletín Oficial del Estado' de 19 de febrero de 1971 | ||
| 260 | |a Madrid : |b Editorial Segura, DL 1975 | ||
| 300 | |a 48 p. ; |c 15 cm | ||
| 650 | |a Sindicats |x Dret i legislació |x Espanya |9 31662 | ||
| 650 | |a Sindicalisme |x Dret i legislació |x Espanya |9 31663 | ||
| 650 | |9 23521 |a Dret del treball |x Legislació |x Espanya | ||
| 901 | |a Arxiu | ||
| 942 | |n 1 | ||
| 952 | |0 0 |1 0 |4 0 |6 FU269 |7 1 |9 45716 |a Arxiu |b Arxiu |d 2016-12-01 |l 0 |o FU-2-69 |p 14727 |r 2016-12-01 00:00:00 |w 2016-12-01 |y ARXIU | ||
| 999 | |c 49216 |d 49216 | ||